000 00282nam a22001337a 4500
008 181218b xxu||||| |||| 00| 0 eng d
020 _a0670109487
041 _aeng
080 _a941
100 _a17
101 _aHIS
245 _aThe Book of Ages
_cMorris, D
942 _2udc
_cBK
999 _c53412
_d53412